Statistics for 12 Months in Alphabetical Order

Click here to take the quiz!

General Stats

  • This quiz has been taken 1,732 times
  • The average score is 5 of 12

Answer Stats

Month% Correct
April
100%
August
83%
December
65%
February
51%
January
33%
July
28%
June
26%
March
19%
May
18%
November
13%
October
12%
September
10%

Score Distribution

Percentile by Number Answered

Percent of People with Each Score

Your Score History

You have not taken this quiz